00327nam a2200133Ia 4500003000400000008004100004020002500045040000800070100001700078245004000095260003400135300001300169365001100182LDD181029s9999 xx 000 0 und d a918180302121c975.00 cLDD aSingh, Seema 0aExperiments in physicscSeema Singh aNew DelhibCampus Booksc2010 ax, 349p. b975.00